| 000 | 02051nam0a2200397 4500 | ||
|---|---|---|---|
| 001 | RU\NLR\bibl\209543 | ||
| 005 | 20260405135252.0 | ||
| 010 |
_a5-88151-299-5 _9350 |
||
| 021 |
_aRU _b2001-31479 _91502 |
||
| 035 | _a(NLR Aleph) 000205770 | ||
| 090 |
_a1193488 _c1193488 |
||
| 100 | _a20011129d2001 |||y0rusy50 ca | ||
| 101 | 0 | _arus | |
| 102 | _aRU | ||
| 105 | _aa ||||||||| | ||
| 200 | 1 |
_aМатематические модели микроэкономики _eУчеб. пособие _fС.Э. Батищева, Э.Д. Каданэр, П.М. Симонов _gМ-во образования Рос. Федерации, Перм. гос. техн. ун-т, Каф. прикладной математики |
|
| 210 |
_aПермь _cПГТУ _d2001 |
||
| 215 |
_a323, [1] с. _cил. _d21 |
||
| 320 | _aБиблиогр.: с. 229 (15 назв.) | ||
| 606 | 0 |
_aМикроэкономика _jРуководства, пособия и т.п. для высшей школы _xМатематическое моделирование _92220578 _3RU\NLR\auth\661333428 |
|
| 606 | 0 |
_aМикроэкономика _jУчебные издания для высшей школы _xМатематическое моделирование _92220578 _3RU\NLR\auth\661333428 |
|
| 610 | 0 | _aМикроэкономика - Математическое моделирование | |
| 675 |
_a330.101.542.001.573(075.8) _v3 _zrus |
||
| 686 |
_a06 _2rugasnti |
||
| 686 |
_a65.012.1я73 _2rubbk |
||
| 686 | _aУ010.4в611я73 | ||
| 700 | 1 |
_4070 _7ca _8rus _aБатищева _bС. Э. _gСветлана Эдуардовна _938627 _3RU\NLR\auth\7755695 |
|
| 701 | 1 |
_4070 _7ca _8rus _aКаданэр _bЭ. Д. _gЭдуард Дмитриевич _938628 _3RU\NLR\auth\7755696 |
|
| 701 | 1 |
_4070 _7ca _8rus _aСимонов _bП. М. _f1957- _gПетр Михайлович _938629 _3RU\NLR\auth\7755697 |
|
| 801 | 0 |
_aRU _bRKP _c20011129 _gPSBO |
|
| 801 | 1 |
_aRU _bRKP _c20011129 |
|
| 801 | 2 |
_aRU _bNLR _c20070907 _grcr |
|
| 942 | _cBOOK | ||
| 980 | _aNB | ||
| 980 | _aNBR | ||